LEADER 01154nam--2200385---450- 001 990003212570203316 005 20141016115237.0 010 $a978-88-89579-59-6 035 $a000321257 035 $aUSA01000321257 035 $a(ALEPH)000321257USA01 035 $a000321257 100 $a20090401d2008----km-y0itay50------ba 101 $aita 102 $aIT 105 $aa---||||001yy 200 1 $aMolise$eusi civici e paesaggio$fa cura di Carmine Gambardella 210 $aNapoli$cLa scuola di Pitagora$d2008 215 $a409 p.$cill. color.$d24 cm 606 0 $aMolise$xPaesaggio$2BNCF 676 $a914.571 702 1$aGAMBARDELLA,$bCarmine 801 0$aIT$bsalbc$gISBD 912 $a990003212570203316 951 $aIII.1. 3469$b63132 G.$cIII.1.$d00206008 951 $a346.457 MOL$bCrd. 30$c346$d00330113 959 $aBK 969 $aUMA 979 $aCHIARA$b90$c20090401$lUSA01$h1110 979 $aCHIARA$b90$c20090401$lUSA01$h1125 979 $aIANNONE$b90$c20090403$lUSA01$h1420 979 $aPAOLA$b90$c20141016$lUSA01$h1152 979 $aPAOLA$b90$c20141016$lUSA01$h1152 996 $aMolise$9168605 997 $aUNISA LEADER 02387nam 2200445 450 001 9910828563003321 005 20201020115431.0 010 $a0-8195-7933-5 035 $a(CKB)4100000011323757 035 $a(MiAaPQ)EBC6237923 035 $a(EXLCZ)994100000011323757 100 $a20201020d2020 uy 0 101 0 $aeng 135 $aurcnu|||||||| 181 $ctxt$2rdacontent 182 $cc$2rdamedia 183 $acr$2rdacarrier 200 14$aThe Grand Union $eaccidental anarchists of downtown dance, 1970-1976 /$fWendy Perron 210 1$aMiddletown, Connecticut :$cWesleyan University Press,$d[2020] 210 4$dİ2020 215 $a1 online resource (379 pages) 311 $a0-8195-7932-7 320 $aIncludes bibliographical references and index. 327 $aAnna Halprin, John Cage, and Judson Dance Theater -- Only in SoHo -- How Continuous project--altered daily broke open and made space for a Grand Union -- A shared sensibility -- Barbara Dilley -- Douglas Dunn -- David Gordon -- Steve Paxton -- Trisha Brown -- Nancy Lewis -- Yvonne Rainer -- Lincoln Scott and Becky Arnold -- First Walker Art Center residency, May 1971 -- Oberlin College residency, January 1972 -- The Dance Gallery Festival, Spring 1973 -- First LoGiudice video, May 1972 -- Third LoGiudice video, May 1972 -- Fourth LoGiudice video : from darkness to light -- Gender play and Iowa City, March 1974 -- Second Walker Art Center residency, October 1975 -- Public/private, real/not real -- Getting into the act : artists, children, dogs, critics, and hecklers -- Grand Union as laboratory -- The unraveling, or, as the top wobbles -- Epilogue and three lingering moments. 330 $a"An exploration of the imaginative, improvisatory performance group that captivated young audiences in the period 1970-76"--$cProvided by publisher. 606 $aDance companies$zUnited States$xHistory 606 $aImprovisation in dance$zUnited States$xHistory 606 $aModern dance$zUnited States$xHistory 615 0$aDance companies$xHistory. 615 0$aImprovisation in dance$xHistory. 615 0$aModern dance$xHistory. 676 $a792.80973 700 $aPerron$b Wendy$01654414 801 0$bMiAaPQ 801 1$bMiAaPQ 801 2$bMiAaPQ 906 $aBOOK 912 $a9910828563003321 996 $aThe Grand Union$94006230 997 $aUNINA